000
00277nam a22001217a 4500
020
_a
0-85298-448-0
082
_a
621 HUM'H
100
_a
HUMA, KENNETH J
_9
65770
245
_a
A HISTORY OF ENGINEERING METROLOGY
260
_a
LONDON
_b
MEP
_c
1980
300
_a
220P
942
_c
BK
999
_c
573885
_d
573885